FITRAH KASIH/ (Record no. 189435)
[ view plain ]
| 000 -LEADER | |
|---|---|
| fixed length control field | 01295nam a2200433 i 4500 |
| 001 - CONTROL NUMBER | |
| control field | vtls000522058 |
| 003 - CONTROL NUMBER IDENTIFIER | |
| control field | PNM |
| 005 - DATE AND TIME OF LATEST TRANSACTION | |
| control field | 20221220122129.0 |
| 008 - FIXED-LENGTH DATA ELEMENTS--GENERAL INFORMATION | |
| fixed length control field | 080312s2008 my | e | 000 f may |
| 015 ## - NATIONAL BIBLIOGRAPHY NUMBER | |
| National bibliography number | M10-07094 |
| 020 ## - INTERNATIONAL STANDARD BOOK NUMBER | |
| International Standard Book Number | 9789831243671 (kkt.) : |
| Qualifying information | paperback |
| Terms of availability | RM00.00 |
| 039 #9 - LEVEL OF BIBLIOGRAPHIC CONTROL AND CODING DETAIL [OBSOLETE] | |
| Level of rules in bibliographic description | 201008240828 |
| Level of effort used to assign nonsubject heading access points | roslelawati |
| Level of effort used to assign subject headings | 201007071116 |
| Level of effort used to assign classification | khuraisah |
| Level of effort used to assign subject headings | 200911200845 |
| Level of effort used to assign classification | norazah |
| Level of effort used to assign subject headings | 200909070836 |
| Level of effort used to assign classification | jalil |
| 040 ## - CATALOGING SOURCE | |
| Original cataloging agency | BNM |
| Transcribing agency | PNM |
| Language of cataloging | eng |
| Modifying agency | PPAK |
| Description conventions | rda |
| 049 ## - LOCAL HOLDINGS (OCLC) | |
| Holding library | klpmal |
| 082 04 - DEWEY DECIMAL CLASSIFICATION NUMBER | |
| Classification number | 899.2333 |
| Edition number | 23 |
| 090 00 - LOCALLY ASSIGNED LC-TYPE CALL NUMBER (OCLC); LOCAL CALL NUMBER (RLIN) | |
| Classification number (OCLC) (R) ; Classification number, CALL (RLIN) (NR) | 899.2333 |
| Feature heading | ILA |
| Feature heading | G |
| 100 0# - MAIN ENTRY--PERSONAL NAME | |
| Personal name | Ilani Mysara, |
| Relator code | author. |
| 245 10 - TITLE STATEMENT | |
| Title | FITRAH KASIH/ |
| Statement of responsibility, etc. | ILANI MYSARA |
| 264 #1 - PRODUCTION, PUBLICATION, DISTRIBUTION, MANUFACTURE, AND COPYRIGHT NOTICE | |
| Place of production, publication, distribution, manufacture | Kuala Lumpur : |
| Name of producer, publisher, distributor, manufacturer | Alaf Dua Puluh Satu Sendirian Berhad, |
| Date of production, publication, distribution, manufacture, or copyright notice | 2008 |
| 300 ## - PHYSICAL DESCRIPTION | |
| Extent | 476 pages ; |
| Dimensions | 19 cm |
| 336 ## - CONTENT TYPE | |
| Content type term | text |
| Source | rdacontent |
| 337 ## - MEDIA TYPE | |
| Media type term | unmediated |
| Source | rdamedia |
| 338 ## - CARRIER TYPE | |
| Carrier type term | volume |
| Source | rdacarrier |
| 650 10 - SUBJECT ADDED ENTRY--TOPICAL TERM | |
| Topical term or geographic name entry element | Malay fiction |
| Topical term or geographic name entry element | Malaysian fiction (Malay) |
| 942 ## - ADDED ENTRY ELEMENTS (KOHA) | |
| Source of classification or shelving scheme | Dewey Decimal Classification |
| Koha item type | Book |
| 949 ## - LOCAL PROCESSING INFORMATION (OCLC) | |
| 6 | 2000456462 |
| a | 899.2333 ILA M |
| 6 | 2000456461 |
| a | 899.2333 ILA M |
| 6 | 2000324469 |
| a | 899.2333 ILA M |
| 6 | 2000324470 |
| a | 899.2333 ILA M |
| 6 | 1001049151 |
| 6 | 1001049152 |
| 6 | 1001049153 |
| e | 1568103 |
| 6 | 1001049154 |
| 6 | 1001049155 |
| 6 | 1001049156 |
| 6 | 1001049157 |
| 6 | 1001049158 |
| Withdrawn | Not for loan | Current library | Shelving location | Date acquired | Total Checkouts | Full call number | Barcode | Date last seen | Date last checked out | Koha item type |
|---|---|---|---|---|---|---|---|---|---|---|
| Perpustakaan Alor Setar | Pinjaman Dewasa | 13/12/2022 | 1 | 899.2333 ILA | A00746911 | 05/08/2023 | 15/07/2023 | Book |